000 00779nam a2200253Ia 4500
003 OSt
005 20221002043230.0
006 a|||||r|||| 00| 0
007 ta
008 220930b |||||||| |||| 00| 0 eng d
020 _a1572307064
024 _a79508
037 _cReference Collections
040 _aCRL
_cCRL
_beng
041 _2eng
_aeng
082 _aL72:4:691, P2(RR)
100 _aSegal Zindel V and others
_9568077
245 0 _aMindfulness - based cognitive therapy for depression
_b A new approach to preventing relapse
260 _aNew York
_bThe Guilford Press
_c2002
300 _a351p.
_ccm.
650 _aMEDICINE
942 _hL72:4:691, P2(RR)
_cref
_2CC
999 _c907680
_d907680